Starring Katy Duck / (Record no. 2326)

MARC details
000 -LEADER
fixed length control field 01321cam a2200373 a 4500
005 - DATE AND TIME OF LATEST TRANSACTION
control field 20250827145423.0
020 ## - INTERNATIONAL STANDARD BOOK NUMBER
International Standard Book Number 9781442419742
020 ## - INTERNATIONAL STANDARD BOOK NUMBER
International Standard Book Number 1442419741
020 ## - INTERNATIONAL STANDARD BOOK NUMBER
International Standard Book Number 9781442419759
020 ## - INTERNATIONAL STANDARD BOOK NUMBER
International Standard Book Number 144241975X
020 ## - INTERNATIONAL STANDARD BOOK NUMBER
International Standard Book Number 9781442435261
020 ## - INTERNATIONAL STANDARD BOOK NUMBER
International Standard Book Number 1442435267
040 ## - CATALOGING SOURCE
Original cataloging agency DLC
Transcribing agency DLC
Modifying agency DLC
Language of cataloging eng
050 00 - LIBRARY OF CONGRESS CALL NUMBER
Classification number PZ7.C179
Item number St 2011
082 00 - DEWEY DECIMAL CLASSIFICATION NUMBER
Classification number 445
Edition number 22
100 1# - MAIN ENTRY--PERSONAL NAME
Personal name Capucilli, Alyssa Satin
Dates associated with a name 1957-
245 10 - TITLE STATEMENT
Title Starring Katy Duck /
Statement of responsibility, etc. by Alyssa Satin Capucilli ; illustrated by Henry Cole.
250 ## - EDITION STATEMENT
Edition statement First Editon
260 ## - PUBLICATION, DISTRIBUTION, ETC.
Place of publication, distribution, etc. New York :
Name of publisher, distributor, etc. Simon Spotlight,
Date of publication, distribution, etc. 2011
300 ## - PHYSICAL DESCRIPTION
Extent 22 unnumbered pages :
Other physical details Illustrations
Dimensions 23 cm
490 0# - SERIES STATEMENT
Series statement Ready-to-read. Level 1
500 ## - GENERAL NOTE
General note "The text of this work is revised from Katy Duck, Center Stage, and the art for this book is taken from Katy Duck, Katy Duck is a Caterpillar, and Katy Duck, Center Stage."
505 ## - FORMATTED CONTENTS NOTE
Formatted contents note G
520 ## - SUMMARY, ETC.
Summary, etc. Katy Duck is on stage and ready to perform at the dance show, but when the curtain opens, she feels very shy.
521 ## - TARGET AUDIENCE NOTE
Target audience note 380 <br/>
Source Lexile<br/><br/>
521 ## - TARGET AUDIENCE NOTE
Target audience note G <br/>
Source Raz-Plus<br/>
650 #1 - SUBJECT ADDED ENTRY--TOPICAL TERM
Topical term or geographic name entry element Dance
Form subdivision Fiction.
650 #1 - SUBJECT ADDED ENTRY--TOPICAL TERM
Topical term or geographic name entry element Ducks
Form subdivision Fiction.
650 #1 - SUBJECT ADDED ENTRY--TOPICAL TERM
Topical term or geographic name entry element Stage fright
Form subdivision Fiction.
700 1# - ADDED ENTRY--PERSONAL NAME
Personal name Cole, Henry
Dates associated with a name 1955-
Relator term illustrations
906 ## - LOCAL DATA ELEMENT F, LDF (RLIN)
a 7
b cbc
c orignew
d 1
e ecip
f 20
g y-gencatlg
942 ## - ADDED ENTRY ELEMENTS (KOHA)
Source of classification or shelving scheme Dewey Decimal Classification
Koha item type Books
Suppress in OPAC No
999 ## -
-- 2326
-- 2326
Holdings
Withdrawn status Lost status Source of classification or shelving scheme Damaged status Not for loan Collection Home library Current library Shelving location Date acquired Total Checkouts Full call number Barcode Date last seen Date last checked out Price effective from Koha item type Copy number
    Dewey Decimal Classification     Juvenile Fiction Footprints International School Library Network Toul Kork Campus Footprints International School Library Network Toul Kork Campus TK Primary Library Room(4th Floor), Bookcase 1&2, Shelves 1-16, Dark Blue Books 11/17/2023 3 CAP 445 PZ7.C179 FISTK01197 09/18/2024 09/11/2024 11/17/2023 Books  
    Dewey Decimal Classification     Juvenile Fiction Footprints International School Library Network Toul Tom Poung Campus Footprints International School Library Network Toul Tom Poung Campus TTP Primary Dark Blue Bookshelves 08/27/2025   CAP 445 PZ7.C179 FIS02881 08/27/2025   08/27/2025 Books 2